Čo sa mení v Zákonníku práce
Posilnenie právomocí odborových organizácií. Posilnilo sa aj postavenie odborových funkcionárov. Platené voľno pre zástupcov zamestnancov.
Salvato in:
| Natura: | Capitolo di libro |
|---|---|
| Lingua: | slovacco |
| Soggetti: | |
| Tags: |
Nessun Tag, puoi essere il primo ad aggiungerne!!
|
MARC
| LEADER | 00000naa$a2200000$$$4500 | ||
|---|---|---|---|
| 001 | 0063187 | ||
| 005 | 20231009073720.2 | ||
| 041 | 0 | |a slo | |
| 044 | |a SK | ||
| 245 | 1 | 0 | |a Čo sa mení v Zákonníku práce |
| 520 | |a Posilnenie právomocí odborových organizácií. Posilnilo sa aj postavenie odborových funkcionárov. Platené voľno pre zástupcov zamestnancov. | ||
| 610 | 2 | 0 | |a zákonník práce |
| 610 | 2 | 0 | |a odbory |
| 610 | 2 | 0 | |a právomoc |